KOHA-Header-6

Introduction to Discrete Mathematics (Record no. 6530)

000 -LEADER
fixed length control field 00263nam a2200109Ia 4500
100 ## - MAIN ENTRY--AUTHOR NAME
Personal name Damacek
245 #0 - TITLE STATEMENT
Title Introduction to Discrete Mathematics
260 ## - PUBLICATION, DISTRIBUTION, ETC. (IMPRINT)
Place of publication USA
Name of publisher Education InC
Year of publication 1998
300 ## - PHYSICAL DESCRIPTION
Number of Pages 690
942 ## - ADDED ENTRY ELEMENTS (KOHA)
Koha item type Books
Holdings
Withdrawn status Lost status Collection code Permanent Location Current Location Shelving location Date acquired Full call number Accession Number Koha item type
    Mathematics MAJU MAJU Shelf No.A26 2019-09-07 330.1 1697 Mathematics

Powered by Koha